| 000 | 01038nam a22001577a 4500 | ||
|---|---|---|---|
| 999 |
_c523999 _d523999 |
||
| 008 | 231020b ||||| |||| 00| 0 eng d | ||
| 100 |
_aKaur, Gursharan and Luthra, Ashwani _944577 |
||
| 245 | _aIssues regarding infrastructure provisions in formal private sector housing (FPSH) in Amritsar, Punjab, India | ||
| 260 | _aNagarlok | ||
| 300 | _a55(1), Mar, 2023: p.21-40 | ||
| 520 | _aDuring 1991, India pursed economic reform and liberalized various economic sectors, housing was also one of them. The condoned increment of urban population and limited public sector resources to fulfill the ever rising needs of the urbanities has been the mother land of private sector participation in the housing and infrastructure sector in the global and Indian market. – Reproduced | ||
| 650 |
_aInfrastructure, Formal Private sector, The Punjab apartment and property regulation act, 1995 (Amended in 2006), Punjab urban planning and development authority (PUDA). _941127 |
||
| 773 | _aNagarlok | ||
| 906 | _aHOUSING | ||
| 942 | _cAR | ||